<?xml version="1.0" encoding="UTF-8"?>
<record
    xmlns:xsi="http://www.w3.org/2001/XMLSchema-instance"
    xsi:schemaLocation="http://www.loc.gov/MARC21/slim http://www.loc.gov/standards/marcxml/schema/MARC21slim.xsd"
    xmlns="http://www.loc.gov/MARC21/slim">

  <leader>00604nam a22001937a 4500</leader>
  <controlfield tag="005">20250811153650.0</controlfield>
  <controlfield tag="008">250811b        |||||||| |||| 00| 0 eng d</controlfield>
  <datafield tag="020" ind1=" " ind2=" ">
    <subfield code="a">978-1-119-70284-9</subfield>
  </datafield>
  <datafield tag="050" ind1=" " ind2=" ">
    <subfield code="a">TK 5105 .F 577 2021</subfield>
    <subfield code="b">1</subfield>
  </datafield>
  <datafield tag="100" ind1=" " ind2=" ">
    <subfield code="a">FITZGERALD JERRY</subfield>
  </datafield>
  <datafield tag="245" ind1=" " ind2=" ">
    <subfield code="a">BUSINESS DATA COMMUNICATIONS AND NETWORKING</subfield>
  </datafield>
  <datafield tag="250" ind1=" " ind2=" ">
    <subfield code="a">14</subfield>
  </datafield>
  <datafield tag="260" ind1=" " ind2=" ">
    <subfield code="a">NEW JERSEY,</subfield>
    <subfield code="b">JOHN WILEY &amp; SONS,</subfield>
    <subfield code="c">2021,</subfield>
  </datafield>
  <datafield tag="300" ind1=" " ind2=" ">
    <subfield code="a">Xii, 385 P, ILL</subfield>
  </datafield>
  <datafield tag="500" ind1=" " ind2=" ">
    <subfield code="a">INCLUDES INDEX</subfield>
  </datafield>
  <datafield tag="650" ind1=" " ind2=" ">
    <subfield code="a">Data transmission systems, Computer networks, Office practice-Automation</subfield>
  </datafield>
  <datafield tag="700" ind1=" " ind2=" ">
    <subfield code="a">DENNIS ALAN, DURISCOVA ALEXANDRA</subfield>
  </datafield>
  <datafield tag="942" ind1=" " ind2=" ">
    <subfield code="2">lcc</subfield>
    <subfield code="c">BK</subfield>
  </datafield>
  <datafield tag="999" ind1=" " ind2=" ">
    <subfield code="c">216013</subfield>
    <subfield code="d">216013</subfield>
  </datafield>
  <datafield tag="952" ind1=" " ind2=" ">
    <subfield code="0">0</subfield>
    <subfield code="1">0</subfield>
    <subfield code="2">lcc</subfield>
    <subfield code="4">0</subfield>
    <subfield code="6">TK5105 F577  02021</subfield>
    <subfield code="7">0</subfield>
    <subfield code="8">SCT</subfield>
    <subfield code="9">372804</subfield>
    <subfield code="a">KSUL</subfield>
    <subfield code="b">KSUL</subfield>
    <subfield code="c">DISPLAY</subfield>
    <subfield code="d">2025-08-11</subfield>
    <subfield code="i">109447</subfield>
    <subfield code="l">0</subfield>
    <subfield code="o">TK 5105 .F577 2021</subfield>
    <subfield code="p">000000021390</subfield>
    <subfield code="r">2025-08-11 15:28:23</subfield>
    <subfield code="t">1</subfield>
    <subfield code="w">2025-08-11</subfield>
    <subfield code="y">BK</subfield>
  </datafield>
  <datafield tag="952" ind1=" " ind2=" ">
    <subfield code="0">0</subfield>
    <subfield code="1">0</subfield>
    <subfield code="2">lcc</subfield>
    <subfield code="4">0</subfield>
    <subfield code="6">TK5105 F577  02021</subfield>
    <subfield code="7">0</subfield>
    <subfield code="8">SCT</subfield>
    <subfield code="9">372805</subfield>
    <subfield code="a">KSUL</subfield>
    <subfield code="b">KSUL</subfield>
    <subfield code="c">DISPLAY</subfield>
    <subfield code="d">2025-08-11</subfield>
    <subfield code="i">109448</subfield>
    <subfield code="l">0</subfield>
    <subfield code="o">TK 5105 .F577 2021</subfield>
    <subfield code="p">000000021528</subfield>
    <subfield code="r">2025-08-11 15:31:28</subfield>
    <subfield code="t">2</subfield>
    <subfield code="w">2025-08-11</subfield>
    <subfield code="y">BK</subfield>
  </datafield>
</record>
